Амальгамно-полярографическое определение цинка, кадмия и индия в свинце с электролитическим отделением свинца; Известия Томского политехнического института [Известия ТПИ]; Т. 197 : Неорганическая химия

Podrobná bibliografie
Parent link:Известия Томского политехнического института [Известия ТПИ]/ Томский политехнический институт (ТПИ).— , 1944-1976
Т. 197 : Неорганическая химия.— 1975.— [С. 54-56]
Hlavní autor: Катюхин В. Е. Владимир Евгеньевич
Další autoři: Каплин А. А. Анатолий Александрович, Стромберг А. Г. Армин Генрихович
Shrnutí:Заглавие с титульного листа
Электронная версия печатной публикации
Jazyk:ruština
Vydáno: 1975
Témata:
On-line přístup:Черно-белая версия для предварительного просмотра
Цветная версия без потери качества
Médium: MixedMaterials Elektronický zdroj Kapitola
KOHA link:https://koha.lib.tpu.ru/cgi-bin/koha/opac-detail.pl?biblionumber=222106

MARC

LEADER 00000nla2a2200000 4500
001 222106
005 20240313123614.0
035 |a (RuTPU)RU\TPU\book\242289 
035 |a RU\TPU\book\242286 
090 |a 222106 
100 |a 20120918d1975 k y0rusy50 ca 
101 0 |a rus 
102 |a RU 
135 |a drnn ---uucaa 
181 0 |a i  
182 0 |a b 
200 1 |a Амальгамно-полярографическое определение цинка, кадмия и индия в свинце с электролитическим отделением свинца  |f В. Е. Катюхин, А. А. Каплин, А. Г. Стромберг 
203 |a Текст  |c электронный 
215 |a 2 файла (119 Кб, 2.9 Мб) 
300 |a Заглавие с титульного листа 
300 |a Электронная версия печатной публикации 
320 |a [Библиогр.: с. 56 (3 назв.)] 
337 |a Adobe Reader 
461 1 |0 (RuTPU)RU\TPU\book\200995  |t Известия Томского политехнического института [Известия ТПИ]  |f Томский политехнический институт (ТПИ)  |d 1944-1976 
463 1 |0 (RuTPU)RU\TPU\book\242182  |t Т. 197 : Неорганическая химия  |v [С. 54-56]  |d 1975  |p 170 с. 
610 1 |a электронный ресурс 
610 1 |a труды учёных ТПУ 
700 1 |a Катюхин  |b В. Е.  |c химик  |c доцент Томского политехнического университета, кандидат химических наук  |f 1940-  |g Владимир Евгеньевич  |3 (RuTPU)RU\TPU\pers\27755  |9 12816 
701 1 |a Каплин  |b А. А.  |c российский химик  |c профессор кафедры аналитической химии Томского политехнического института  |f 1937-1989  |g Анатолий Александрович  |3 (RuTPU)RU\TPU\pers\19797  |9 7735 
701 1 |a Стромберг  |b А. Г.  |c химик, специалист в области классической полярографии и инверсионной вольтамперометрии  |c профессор Томского политехнического института  |f 1910-2004  |g Армин Генрихович  |3 (RuTPU)RU\TPU\pers\11188  |9 2478 
801 1 |a RU  |b 63413507  |c 20090320  |g PSBO 
801 2 |a RU  |b 63413507  |c 20121108  |g PSBO 
856 4 |u http://www.lib.tpu.ru/fulltext/v/Bulletin_TPU/1975/v197/16_bw.pdf  |z Черно-белая версия для предварительного просмотра 
856 4 |u http://www.lib.tpu.ru/fulltext/v/Bulletin_TPU/1975/v197/16_full.pdf  |z Цветная версия без потери качества 
942 |c CF